[Event "Sao Jose dos Campos op"]
[Site "Sao Jose dos Campos"]
[Date "2021.10.10"]
[Round "3"]
[White "Mendes, Ana Beatriz Dias Gu"]
[Black "Pavao, Alice Lara Biasi"]
[Result "1-0"]
[WhiteElo "1459"]
[BlackElo "1131"]
[PlyCount "55"]
[EventDate "2021.10.09"]
[EventType "swiss"]
[EventRounds "7"]
[EventCountry "BRA"]
[SourceTitle "CBM 204 Extra"]
[Source "ChessBase"]
[SourceDate "2021.11.30"]
[SourceVersion "1"]
[SourceVersionDate "2021.11.30"]
[SourceQuality "1"]

1. e4 c5 2. Nf3 g6 3. d4 cxd4 4. Nxd4 Bg7 5. Nc3 Nc6 6. Be3 Nf6 7. Bc4 0-0 8. Bb3 d6 9. f3 Bd7 10. Qd2 a6 11. h4 h5 12. 0-0-0 Na5 13. Rdg1 Nxb3+ 14. Nxb3 b5 15. g4 a5 16. Nd5 hxg4 17. fxg4 Nxg4 18. Bb6 Bh6 19. Qxh6 Nxh6 20. Bxd8 Rfxd8 21. Nxe7+ Kf8 22. Nd5 Bc6 23. h5 Bxd5 24. exd5 Kg7 25. hxg6 fxg6 26. Nd4 Rdb8 27. Ne6+ Kh7 28. Rxh6+ 1-0